Fabúlame una fábula : (Registro nro. 9127)

Detalles MARC
000 -LIDER
fixed length control field 01204nam a22002657a 4500
001 - NÚMERO DE CONTROL
Identificador de número de control 00260
003 - IDENTIFICACDOR DE NÚMERO DE CONTROL
control field DO-SdBPM
005 - DATE AND TIME OF LATEST TRANSACTION
control field 20250321105951.0
008 - ELEMENTOS DE LONGITUD FIJA
fixed length control field 151216b2001 sp ||| 00| 0 spa d
020 ## - ISBN
International Standard Book Number 8448016386
040 ## - FUENTE DE CATALOGACIÓN
Agencia que crea de manera original el registro DO-SdBPM
Idioma de catalogación spa
Agencia que realiza la transcripción BPMSU
082 #4 - NÚMERO DE CLASIFICACIÓN DECIMAL DE DEWEY
Classification number 808.83
Item number D948f 2001
Edition number 22
100 1# - ASIENTO PRINCIPAL -- NOMBRE PERSONAL
Nombre personal Durán, Teresa
245 10 - MENCIÓN DE TITULO
Título Fabúlame una fábula :
Subtítulo recopilación de fábulas de Esopo, Samaniego y otros autores /
Mención de responsabilidad adaptación de Teresa Durán ; ilustraciones de María Espluga ; traducción, Elena Éroles.
260 ## - PUBLICACIÓN, DISTRIBUCIÓN, ETC. (PIE DE IMPRENTA)
Lugar de publicación, distribución, etc Barcelona :
Nombre del editor, distribuidor, etc. Grupo Editorial Ceac ;
-- Timun mas,
Fecha de publicación, distribución, etc 2001
300 ## - DESCRIPCIÓN FÍSICA
Extensión 93 p. :
Otros detalles físicos il. ;
Dimensiones 28 cm.
505 0# - NOTA DE CONTENIDO
Texto normalizado de contenido La tortuga y la liebre --<br/><br/><br/><br/>La lechera --<br/>La comadre zorra y el cuervo --<br/>La zorra y las uvas.
Título La cigarra y la hormiga --
-- La gallina de los huevos de oro --
-- Pedro y el lobo --
-- La lechera --
-- La comadre zorra y el cuervo --
-- La Zorra y las uvas.
-- La cigarra y la hormiga --
590 ## - NOTA LOCAL
Texto de la nota local Inventariado 2025/VM
650 #4 - ENCABEZAMIENTO DE MATERIA--TEMÁTICO
Término temático o nombre geográfico como elemento de entrada Fábulas
Subdivisión de forma Colecciones
650 #4 - ENCABEZAMIENTO DE MATERIA--TEMÁTICO
Término temático o nombre geográfico como elemento de entrada Animales
Subdivisión de forma Fábulas
700 1# - ASIENTO SECUNDARIO -- NOMBRE PERSONAL
Nombre personal Eroles, Elena,
Mención de responsabilidad traductor
700 1# - ASIENTO SECUNDARIO -- NOMBRE PERSONAL
Nombre personal Espluga, María,
Mención de responsabilidad ilustradora
910 ## - VALIDACIÓN
Validación LPérez /VMateo V. Control de calidad. BPMSU
942 ## - ADDED ENTRY ELEMENTS (KOHA)
Source of classification or shelving scheme Dewey Decimal Classification
Koha item type Libros
Existencias
Withdrawn status Lost status Source of classification or shelving scheme Damaged status Not for loan Collection code Home library Current library Date acquired Source of acquisition Total Checkouts Full call number Barcode Date last seen Price effective from Koha item type
    Dewey Decimal Classification     Colección Infantil General Biblioteca Pública Metropolitana Salomé Ureña Biblioteca Pública Metropolitana Salomé Ureña 12/16/2015 FUNDI   BPMSU CGI 808.83 D948f 2001 BPMSU15120162 12/16/2015 12/16/2015 Libros